Statistics for NXT Women's Tag Team Champions

Click here to take the quiz!

General Stats

  • This quiz has been taken 161 times
    (14 since last reset)
  • The average score is 11 of 19

Answer Stats

Title ReignsLast WonChampions% Correct
22022Dakota Kai
91%
22022Raquel Gonzalez
82%
12022Cora Jade
64%
22022Gigi Dolin
64%
12021Indi Hartwell
64%
22022Jacy Jayne
64%
12023Alba Fyre
55%
12021Candice LeRae
55%
12021Ember Moon
55%
12023Fallon Henley
55%
12021Io Shirai
55%
12023Isla Dawn
55%
12022Katana Chance
55%
12022Kayden Carter
55%
12023Kiana James
55%
12022Roxanne Perez
55%
12022Roxanne Perez
55%
12021Shotzi Blackheart
55%
12021Zoey Stark
55%

Score Distribution

Percentile by Number Answered

Percent of People with Each Score

Your Score History

You have not taken this quiz since the last reset